ბათუმის შოთა რუსთაველის სახელმწიფო უნივერსიტეტის ბიბლიოთეკა

პისტოლეტი და ათასგვარი ნამდვილი ამბავი; ქართველები სხვადასხვა განედებზე (ბიბ.ჩანაწერი № 50466)

000 -LEADER
fixed length control field 00802nam a2200205Ia 4500
001 - CONTROL NUMBER
control field 17413
003 - CONTROL NUMBER IDENTIFIER
control field GE_BSU
008 - FIXED-LENGTH DATA ELEMENTS--GENERAL INFORMATION
fixed length control field 181216s||||||||xx |||||||||||||| ||und||
040 ## - CATALOGING SOURCE
Transcribing agency GE_BSU
080 ## - UNIVERSAL DECIMAL CLASSIFICATION NUMBER
Universal Decimal Classification number 821.353.1-4
100 ## - MAIN ENTRY--PERSONAL NAME
Personal name კიკნაძე,ალექსანდრე
245 ## - TITLE STATEMENT
Title პისტოლეტი და ათასგვარი ნამდვილი ამბავი; ქართველები სხვადასხვა განედებზე
245 ## - TITLE STATEMENT
Remainder of title რედ.:ნ. თეთრაძე;მხატვ.:ზ.დეისაძე
260 ## - PUBLICATION, DISTRIBUTION, ETC.
Place of publication, distribution, etc. თბილისი
260 ## - PUBLICATION, DISTRIBUTION, ETC.
Name of publisher, distributor, etc. საბჭ.საქართველო
260 ## - PUBLICATION, DISTRIBUTION, ETC.
Date of publication, distribution, etc. 1988
300 ## - PHYSICAL DESCRIPTION
Extent 367 გვ. ; 20 სმ.
653 ## - INDEX TERM--UNCONTROLLED
Uncontrolled term ნარკვევები
942 ## - ADDED ENTRY ELEMENTS (KOHA)
Koha item type წიგნი
ეგზემპლარები
Withdrawn status Lost status Damaged status Not for loan Date acquired Barcode Date last seen Price effective from Koha item type Public note
        2018-12-17 41540 2018-12-17 2018-12-17 წიგნი აგრარული ტექ.ფაკ.